2025 MLB All Stars - Statistics

General Stats
  • This quiz has been taken 447 times
  • The average score is 53 of 81
Answer Stats
League Pos. Player Team % Correct
American C Cal Raleigh Mariners
95%
American C Alejandro Kirk Blue Jays
92%
American 1B Vladmir Guerrero Jr. Blue Jays
92%
National C Will Smith Dodgers
89%
National 1B Freddie Freeman Dodgers
88%
American OF Aaron Judge Yankees
87%
American SP Shane Smith White Sox
86%
National SS Francisco Lindor Mets
85%
American 3B Jose Ramirez Guardians
85%
American SS Bobby Witt Jr. Royals
84%
National 1B Pete Alonso Mets
84%
National DH Shohei Ohtani Dodgers
84%
National SS Elly de la Cruz Reds
83%
National 3B Manny Machado Padres
82%
National 1B Matt Olson Braves
82%
American SP Tarik Skubal Tigers
82%
National 2B Ketel Marte Diamondbacks
81%
National SP Paul Skenes Pirates
81%
National OF Ronald Acuna Jr. Braves
81%
American 3B Alex Bregman Red Sox
80%
National OF Pete Crow-Armstrong Cubs
80%
American OF Julio Rodriguez Mariners
79%
National DH Kyle Schwarber Phillies
78%
National RP Randy Rodriguez Giants
77%
American OF Riley Greene Tigers
77%
National OF Fernando Tatis Jr. Padres
76%
American SP Bryan Woo Mariners
75%
American OF Byron Buxton Twins
75%
National OF Corbin Carroll Diamondbacks
74%
American 2B Gleyber Torres Tigers
74%
American SS Jacob Wilson Athletics
74%
National OF Kyle Tucker Cubs
74%
National 3B Eugenio Suarez Diamondbacks
72%
American OF Javier Baez Tigers
72%
American 2B Jazz Chisholm Jr. Yankees
72%
American SS Jeremy Pena Astros
72%
National RP Edwin Diaz Mets
71%
National OF James Wood Nationals
71%
American 3B Junior Caminero Rays
71%
National RP Robert Suarez Padres
70%
American SP Garrett Crochet Red Sox
68%
American RP Aroldis Chapman Red Sox
67%
American 2B Brandon Lowe Rays
67%
American DH Brent Rooker Athletics
67%
American OF Steven Kwan Guardians
66%
National C Hunter Goodman Rockies
64%
American SP Jacob deGrom Rangers
64%
American SP Max Fried Yankees
64%
National SP Logan Webb Giants
63%
National SP Yoshinobu Yamamoto Dodgers
62%
American SP Hunter Brown Astros
61%
American SP Carlos Rodon Yankees
60%
National OF Kyle Stowers Marlins
60%
American 3B Maikel Garcia Royals
59%
National SP Zack Wheeler Phillies
59%
National SP Freddy Peralta Brewers
58%
American 1B Jonathan Aranda Rays
58%
American OF Randy Arozarena Mariners
58%
National 2B Brendan Donovan Cardinals
57%
American RP Josh Hader Astros
57%
American DH Ryan O'Hearn Orioles
56%
American RP Andres Munoz Mariners
54%
National SP Chris Sale Braves
53%
National SP Jacob Misiorowski Brewers
53%
American SP Joe Ryan Twins
52%
American 3B Isaac Paredes Astros
51%
National SP Clayton Kershaw Dodgers
50%
National SP MacKenzie Gore Nationals
49%
American SP Yusei Kikuchi Angels
46%
National SP Andrew Abbott Reds
44%
National SP Matthew Boyd Cubs
43%
American UT Zach McKinstry Tigers
39%
American SP Kris Bubic Royals
38%
American SP Casey Mize Tigers
35%
American RP Carlos Estevez Royals
32%
National SP Robbie Ray Giants
32%
National RP Trevor Megill Brewers
29%
National RP Adrian Morejon Padres
28%
National RP Jason Adam Padres
28%
National SP David Peterson Mets
26%
American SP Drew Rasmussen Rays
24%
No matching quizzes found
Score Distribution
Percent of People with Each Score
Percentile by Number Answered
Your Score History
You have not taken this quiz